Vật lí 10

Tallennettuna:
Bibliografiset tiedot
Aineistotyyppi: Kirja
Kieli:Undetermined
Julkaistu: Hà Nội Giáo Dục 2006
Aiheet:
Tagit: Lisää tagi
Ei tageja, Lisää ensimmäinen tagi!
Thư viện lưu trữ: Trung tâm Học liệu Trường Đại học Cần Thơ
LEADER 00507nam a2200193Ia 4500
001 CTU_116112
008 210402s9999 xx 000 0 und d
020 |c 10400 
082 |a 530.0712 
082 |b V124/L10 
245 0 |a Vật lí 10 
245 0 |c Lương Duyên Bình ... [et al.] 
260 |a Hà Nội 
260 |b Giáo Dục 
260 |c 2006 
650 |a Physics 
650 |x study and teaching 
904 |i Tuyến 
980 |a Trung tâm Học liệu Trường Đại học Cần Thơ